000 00353nam a2200145Ia 4500
008 230917s9999||||xx |||||||||||||| ||und||
040 _e148204
_aMAIN
041 _aEnglish
082 _a823.9 D644G
100 _aDixon,Franklin W
245 0 _aGame plan for disaster
260 _aNew York
_bWanderer Books
_c1982
300 _a206p p.
942 _cBK
999 _c131650
_d131650